Chemická neškodnosť potravín workshop : súhrny prednášok 08.11.2002, Výstavisko, a.s., Bratislava

Bibliographic Details
Format: Book
Language:Slovak
English
PhysicalDescription:25, 23 s. 29 cm
Published: Bratislava Výskumný ústav potravinársky [2002]
Edition:[1. vyd.]
Subjects:

MARC

LEADER 00000cam a2200000 a 4500
001 vtls001459631
003 SK-MaSNL
005 20260301234720.0
008 240226s2002 xo fr 100 0 slo
015 |a SNBA2003/11-04227 
035 |a SNK000414938 
035 |a urn:nbn:sk:snk-amjr7b 
035 |a urn:nbn:sk:snk:ar-a0cu1e 
035 |a 5a0d9bf6-a99b-457f-b860-9ab50c2e2e12 
040 |a SNK  |b slo  |c SNK  |e AACR2 
041 0 |a slo  |a eng 
043 |a ec----- 
044 |a xo  |c SK 
072 7 |a 614  |x Verejné zdravie a hygiena  |2 konspekt 
080 |a 663/664  |2 1997 
080 |a 613.2  |2 1997 
080 |a 614.31  |2 1997 
080 |a 338.439.02  |2 1997 
080 |a (4-191.2)  |2 1997 
080 |a (063)  |2 1997 
080 |a (041)  |2 1997 
245 0 0 |a Chemická neškodnosť potravín  |b workshop : súhrny prednášok 08.11.2002, Výstavisko, a.s., Bratislava 
250 |a [1. vyd.] 
260 |a Bratislava  |b Výskumný ústav potravinársky  |c [2002] 
300 |a 25, 23 s.  |c 29 cm 
500 |a Text aj angl. 
500 |a Zvratmo tlačené texty majú vlastné stránkovanie 
650 0 7 |a potraviny  |2 SNKPH  |9 1614 
650 0 7 |a výživa človeka  |2 SNKPH  |9 4211 
650 0 7 |a hygiena potravín  |2 SNKPH  |9 2487 
650 0 7 |a potravinová politika  |2 SNKPH  |9 2336 
651 7 |a Európa stredná  |2 SNKPH  |9 23970 
655 7 |a zborníky konferencií  |2 SNKPH  |9 70153 
655 7 |a issue_zb  |2 SNK  |9 276493 
954 |a odborná, vedecká literatúra pôvodná (slovenská)  |2 lita 
958 |a OND 
958 |a ART 
968 |d 61 
999 |c 971511  |d 973441 
952 |t P60, <04>, [BOOK], {604}  |a SNK  |b SNK  |y VYP  |7 0  |p 17A0396654  |o snkSB 67217 D1  |i snkKSP 11708/2003  |0 0  |1 0  |4 0  |d 2003-09-09  |l 0  |r 2005-01-02 00:00:00  |w 2026-02-24 
952 |t P60, <03>, [BOOK], {603}  |a SNK  |b SNK  |y PREZ  |7 0  |p 17A0396672  |o snkSB 67217  |i snkKSP 11707/2003  |0 0  |1 0  |4 0  |d 2003-09-09  |f 1  |l 0  |r 2025-04-16 00:00:00  |w 2026-02-24